|
|
|
|
| LEADER |
00000nam0a2200000 4500 |
| 001 |
52111 |
| 005 |
20231031041238.0 |
| 010 |
|
|
|a 5945580082
|
| 035 |
|
|
|a (RuTPU)RU\TPU\book\54587
|
| 090 |
|
|
|a 52111
|
| 100 |
|
|
|a 20030522d2002 m y0rusy50 ca
|
| 101 |
0 |
|
|a rus
|
| 102 |
|
|
|a RU
|
| 105 |
|
|
|a y z 001zy
|
| 200 |
1 |
|
|a Нематериальные блага. Защита чести, достоинства и деловой репутации
|f В. Д. Костюк
|
| 210 |
|
|
|a Москва
|c Лекс-Книга
|d 2002
|
| 215 |
|
|
|a 320 с.
|
| 320 |
|
|
|a Библиогр.: с. 318-319
|
| 320 |
|
|
|a Словарь терминов: с. 309-317
|
| 610 |
1 |
|
|a право
|
| 610 |
1 |
|
|a гражданское право
|
| 610 |
1 |
|
|a граждане
|
| 610 |
1 |
|
|a защита
|
| 610 |
1 |
|
|a честь
|
| 610 |
1 |
|
|a достоинство
|
| 610 |
1 |
|
|a деловая репутация
|
| 610 |
1 |
|
|a нематериальные блага
|
| 610 |
1 |
|
|a моральный вред
|
| 610 |
1 |
|
|a компенсации
|
| 610 |
1 |
|
|a судебная защита
|
| 686 |
|
|
|a Х623
|v LBC/SL-A
|2 rubbk
|
| 700 |
|
1 |
|a Костюк
|b В. Д.
|g Владимир Демьянович
|
| 801 |
|
1 |
|a RU
|b 63413507
|c 20030522
|g PSBO
|
| 801 |
|
2 |
|a RU
|b 63413507
|c 20030820
|g PSBO
|
| 942 |
|
|
|c BK
|